<?xml version="1.0" encoding="UTF-8"?>
<record
    xmlns:xsi="http://www.w3.org/2001/XMLSchema-instance"
    xsi:schemaLocation="http://www.loc.gov/MARC21/slim http://www.loc.gov/standards/marcxml/schema/MARC21slim.xsd"
    xmlns="http://www.loc.gov/MARC21/slim">

  <leader>02985nam a2200325 a 4500</leader>
  <controlfield tag="001"> </controlfield>
  <controlfield tag="003">DO-SdBNP</controlfield>
  <controlfield tag="005">20211115111049.0</controlfield>
  <controlfield tag="008">100212s2009    dr            000 0 spa d</controlfield>
  <datafield tag="020" ind1=" " ind2=" ">
    <subfield code="a">9789945404258</subfield>
  </datafield>
  <datafield tag="040" ind1=" " ind2=" ">
    <subfield code="a">DO-SdBNP</subfield>
    <subfield code="b">spa</subfield>
    <subfield code="c">BPMSU </subfield>
  </datafield>
  <datafield tag="049" ind1=" " ind2=" ">
    <subfield code="a"> </subfield>
  </datafield>
  <datafield tag="082" ind1=" " ind2=" ">
    <subfield code="a">780.97293</subfield>
    <subfield code="b">C334s</subfield>
    <subfield code="2">22</subfield>
  </datafield>
  <datafield tag="100" ind1="1" ind2=" ">
    <subfield code="a">Casado, Fernando</subfield>
  </datafield>
  <datafield tag="245" ind1="1" ind2="0">
    <subfield code="a">Santo Domingo :</subfield>
    <subfield code="b">tesoro de la cultura musical antillana, origen de ritmos e instrumentos, comparativo socio-cultural entre La Espa&#xF1;ola y Cuba desde los primeros a&#xF1;os de la colonizaci&#xF3;n /</subfield>
    <subfield code="c">Fernando Casado ; revisi&#xF3;n de texto Jos&#xE9; Chez Checo, Javier Cabral D&#xED;az.</subfield>
  </datafield>
  <datafield tag="260" ind1=" " ind2=" ">
    <subfield code="a">Santo Domingo :</subfield>
    <subfield code="b">Ediciones de Cultura,</subfield>
    <subfield code="c">2009.</subfield>
    <subfield code="f">Editorial B&#xFA;ho</subfield>
  </datafield>
  <datafield tag="300" ind1=" " ind2=" ">
    <subfield code="a">493 p. :</subfield>
    <subfield code="b">il., mus. ;</subfield>
    <subfield code="c">27 cm.</subfield>
  </datafield>
  <datafield tag="500" ind1=" " ind2=" ">
    <subfield code="a">Incluye &#xED;ndice</subfield>
  </datafield>
  <datafield tag="500" ind1=" " ind2=" ">
    <subfield code="a">Incluye datos biogr&#xE1;ficos del autor en las solapas.</subfield>
  </datafield>
  <datafield tag="500" ind1=" " ind2=" ">
    <subfield code="a">Incluye datos biogr&#xE1;ficos del autor en la solapa</subfield>
  </datafield>
  <datafield tag="504" ind1=" " ind2=" ">
    <subfield code="a">Bibliograf&#xED;a: p. 473-479.</subfield>
  </datafield>
  <datafield tag="505" ind1=" " ind2=" ">
    <subfield code="a">Los nucleamientos de la isla de Quisqueya eran los m&#xE1;s avanzados de toda el &#xE1;rea antillana --
   	 	 	 	 	t	 	Del diario de Col&#xF3;n --
   	 	 	 	 	t	 	Las conjugaciones primarias --
   	 	 	 	 	t	 	Del templo a las calles: las cofrad&#xED;as --
   	 	 	 	 	t	 	Las notas de un nuevo pentagrama --
   	 	 	 	 	t	 	El sonar del campanario --
   	 	 	 	 	t	 	Primeras universidades del nuevo mundo --
   	 	 	 	 	t	 	La Espa&#xF1;ola y Cuba --
   	 	 	 	 	t	 	Dacapo en la colonizaci&#xF3;n de Cuba --
   	 	 	 	 	t	 	La huella sonora de las hermanas Gin&#xE9;s --
   	 	 	 	 	t	 	Teodora y Micaela Gin&#xE9;s --
   	 	 	 	 	t	 	El guiro --
   	 	 	 	 	t	 	Si las hermanas Gin&#xE9;s hubiesen sido cubanas y no dominicanas, la discusi&#xF3;n sobre el son estar&#xED;a de m&#xE1;s --
   	 	 	 	 	t	 	Dacapo con las Gin&#xE9;s --
   	 	 	 	 	t	 	Criollizaci&#xF3;n del tres... los tramos del proceso --
   	 	 	 	 	t	 	William Walter Walton, testigo estelar --
   	 	 	 	 	t	 	Las claves (palitos) fueron creaci&#xF3;n de los dominicanos
   	 	 	 	 	t	 	Los palitos bastardos del pueblo de Sa&#xE1;chez --
   	 	 	 	 	t	 	&#xBF;Qui&#xE9;n era William Walton? --
   	 	 	 	 	t	 	Decapo con Banza y tres --
   	 	 	 	 	t	 	Cuestionando los de ahora --
   	 	 	 	 	t	 	Un repique de tambora... desacuerdo --
   	 	 	 	 	t	 	Decapo --
   	 	 	 	 	t	 	El carabin&#xE9; --
   	 	 	 	 	t	 	Decapo al tres --
   	 	 	 	 	t	 	El bolero --
   	 	 	 	 	t	 	Decapo con el bolero --
   	 	 	 	 	t	 	La criolla --
   	 	 	 	 	t	 	Decapo... otra vez --
   	 	 	 	 	t	 	Pentagrama --
   	 	 	 	 	t	 	Sindo Garay... el eslab&#xF3;n perdido --
   	 	 	 	 	t	 	Los pasos del merengue --
   	 	 	 	 	t	 	Recuento sobre la m&#xFA;sica popular dominicana.</subfield>
  </datafield>
  <datafield tag="590" ind1=" " ind2=" ">
    <subfield code="6">Inventariado, 2021/VM</subfield>
  </datafield>
  <datafield tag="650" ind1=" " ind2="4">
    <subfield code="a">M&#xFA;sica</subfield>
    <subfield code="x">Historia y cr&#xED;tica.</subfield>
    <subfield code="z">Rep&#xFA;blica Dominicana    </subfield>
  </datafield>
  <datafield tag="650" ind1=" " ind2="4">
    <subfield code="a">Instrumentos musicales    	 	 	 </subfield>
    <subfield code="x">Historia </subfield>
    <subfield code="z">Cuba</subfield>
  </datafield>
  <datafield tag="650" ind1=" " ind2="4">
    <subfield code="a">M&#xFA;sica    	 	 	 	 	 </subfield>
    <subfield code="x">Historia y cr&#xED;tica</subfield>
    <subfield code="z">Cuba </subfield>
  </datafield>
  <datafield tag="651" ind1=" " ind2=" ">
    <subfield code="a">M&#xFA;sica popular cubana</subfield>
  </datafield>
  <datafield tag="910" ind1=" " ind2=" ">
    <subfield code="a">VMateo V. </subfield>
  </datafield>
  <datafield tag="942" ind1=" " ind2=" ">
    <subfield code="2">ddc</subfield>
    <subfield code="c">BK</subfield>
  </datafield>
  <datafield tag="952" ind1=" " ind2=" ">
    <subfield code="0">0</subfield>
    <subfield code="1">0</subfield>
    <subfield code="2">ddc</subfield>
    <subfield code="4">0</subfield>
    <subfield code="7">0</subfield>
    <subfield code="8">CD</subfield>
    <subfield code="a">BPMET</subfield>
    <subfield code="b">BPMET</subfield>
    <subfield code="d">2021-11-15</subfield>
    <subfield code="l">0</subfield>
    <subfield code="o">BPMSU CD 780.97293 C334s 2009</subfield>
    <subfield code="p">BPMSU21110086</subfield>
    <subfield code="r">2021-11-15</subfield>
    <subfield code="t">2021-08-18</subfield>
    <subfield code="w">2021-11-15</subfield>
    <subfield code="y">BK</subfield>
  </datafield>
  <datafield tag="999" ind1=" " ind2=" ">
    <subfield code="c">13873</subfield>
    <subfield code="d">13873</subfield>
  </datafield>
</record>
